00601nam a2200205Ia 4500008004100000020001500041050001600056100002300072245001800095245002600113260002600139260002500165260000900190300001600199300002000215300001000235300002500245999001900270952010600289170918s9999 xx 000 0 und d a1853260193 bT363va 1992 aThackeray, William aVanity fair / cby William Thackerey. aWare, Hertfordshire : bWordsworth classics, c1992 a951 pages : billustrations ; c18cm. eWordsworth classics. c343493d343493 001040aSSISMbSSISMd2017-09-18l0oFIC T363va 1992pSSISM2565r2017-09-18 00:00:00w2017-09-18yBK